<?xml version="1.0" encoding="UTF-8"?>
<record
    xmlns:xsi="http://www.w3.org/2001/XMLSchema-instance"
    xsi:schemaLocation="http://www.loc.gov/MARC21/slim http://www.loc.gov/standards/marcxml/schema/MARC21slim.xsd"
    xmlns="http://www.loc.gov/MARC21/slim">

  <leader>05568nas1a22004211i 4500</leader>
  <controlfield tag="001">RU\NLR\INFOCOMM55\5000167520</controlfield>
  <controlfield tag="005">20240726041521.0</controlfield>
  <datafield tag="035" ind1=" " ind2=" ">
    <subfield code="a">(NLR Aleph) 002416415</subfield>
  </datafield>
  <datafield tag="090" ind1=" " ind2=" ">
    <subfield code="a">1863819</subfield>
    <subfield code="c">1863819</subfield>
  </datafield>
  <datafield tag="100" ind1=" " ind2=" ">
    <subfield code="a">20050121c1928    |||y0rusy50      ca</subfield>
  </datafield>
  <datafield tag="101" ind1="0" ind2=" ">
    <subfield code="a">rus</subfield>
  </datafield>
  <datafield tag="102" ind1=" " ind2=" ">
    <subfield code="a">RU</subfield>
  </datafield>
  <datafield tag="110" ind1=" " ind2=" ">
    <subfield code="a">afuzz  0|y|</subfield>
  </datafield>
  <datafield tag="200" ind1="1" ind2=" ">
    <subfield code="a">&#x411;&#x44E;&#x43B;&#x43B;&#x435;&#x442;&#x435;&#x43D;&#x44C; &#x421;&#x435;&#x440;&#x43F;&#x41D;&#x418;&#x422;&#x418;</subfield>
    <subfield code="e">&#x415;&#x436;&#x435;&#x43C;&#x435;&#x441;&#x44F;&#x447;&#x43D;&#x44B;&#x439; &#x436;&#x443;&#x440;&#x43D;. &#x421;&#x435;&#x440;&#x43F;&#x443;&#x445;. &#x444;&#x438;&#x43B;&#x438;&#x430;&#x43B;&#x430; &#x41D;&#x430;&#x443;&#x447;.-&#x438;&#x441;&#x441;&#x43B;&#x435;&#x434;. &#x438;&#x43D;-&#x442;&#x430; &#x442;&#x435;&#x43A;&#x441;&#x442;&#x438;&#x43B;&#x44C;&#x43D;&#x43E;&#x439; &#x43F;&#x440;&#x43E;&#x43C;-&#x441;&#x442;&#x438; &#x438; &#x413;&#x43E;&#x441;. &#x421;&#x435;&#x440;&#x43F;&#x443;&#x445;. &#x445;&#x43B;&#x43E;&#x43F;&#x447;&#x430;&#x442;&#x43E;-&#x431;&#x443;&#x43C;&#x430;&#x436;&#x43D;&#x43E;&#x433;&#x43E; &#x442;&#x440;&#x435;&#x441;&#x442;&#x430;</subfield>
  </datafield>
  <datafield tag="210" ind1=" " ind2=" ">
    <subfield code="a">&#x421;&#x435;&#x440;&#x43F;&#x443;&#x445;&#x43E;&#x432;</subfield>
    <subfield code="d">1928-1932</subfield>
  </datafield>
  <datafield tag="300" ind1=" " ind2=" ">
    <subfield code="a">&#x421; &#x430;&#x43F;&#x440;. 1929 &#x433;. &#x43F;&#x43E; &#x430;&#x432;&#x433;. 1932 &#x433;. &#x432;&#x44B;&#x445;&#x43E;&#x434;&#x438;&#x442; &#x43D;&#x443;&#x43C;&#x435;&#x440;&#x43E;&#x432;&#x430;&#x43D;&#x43D;&#x44B;&#x43C;&#x438; &#x432;&#x44B;&#x43F;. &#x43F;&#x43E; &#x43E;&#x442;&#x434;&#x435;&#x43B;&#x430;&#x43C;</subfield>
  </datafield>
  <datafield tag="333" ind1=" " ind2=" ">
    <subfield code="a">&#x412; 1928-1931 &#x433;.&#x433;. &#x43D;&#x430; &#x43F;&#x440;&#x430;&#x432;&#x430;&#x445; &#x440;&#x443;&#x43A;&#x43E;&#x43F;&#x438;&#x441;&#x438;</subfield>
  </datafield>
  <datafield tag="430" ind1=" " ind2="0">
    <subfield code="1">2001#$a&#x411;&#x44E;&#x43B;&#x43B;&#x435;&#x442;&#x435;&#x43D;&#x44C; &#x426;&#x435;&#x43D;&#x442;&#x440;&#x430;&#x43B;&#x44C;&#x43D;&#x43E;&#x439; &#x43B;&#x430;&#x431;&#x43E;&#x440;&#x430;&#x442;&#x43E;&#x440;&#x438;&#x438; &#x43F;&#x435;&#x440;&#x432;&#x43E;&#x433;&#x43E; &#x413;&#x43E;&#x441;&#x443;&#x434;&#x430;&#x440;&#x441;&#x442;&#x432;&#x435;&#x43D;&#x43D;&#x43E;&#x433;&#x43E; &#x445;&#x43B;&#x43E;&#x43F;&#x447;&#x430;&#x442;&#x43E;-&#x431;&#x443;&#x43C;&#x430;&#x436;&#x43D;&#x43E;&#x433;&#x43E; &#x442;&#x440;&#x435;&#x441;&#x442;&#x430;</subfield>
    <subfield code="t">&#x411;&#x44E;&#x43B;&#x43B;&#x435;&#x442;&#x435;&#x43D;&#x44C; &#x426;&#x435;&#x43D;&#x442;&#x440;&#x430;&#x43B;&#x44C;&#x43D;&#x43E;&#x439; &#x43B;&#x430;&#x431;&#x43E;&#x440;&#x430;&#x442;&#x43E;&#x440;&#x438;&#x438; &#x43F;&#x435;&#x440;&#x432;&#x43E;&#x433;&#x43E; &#x413;&#x43E;&#x441;&#x443;&#x434;&#x430;&#x440;&#x441;&#x442;&#x432;&#x435;&#x43D;&#x43D;&#x43E;&#x433;&#x43E; &#x445;&#x43B;&#x43E;&#x43F;&#x447;&#x430;&#x442;&#x43E;-&#x431;&#x443;&#x43C;&#x430;&#x436;&#x43D;&#x43E;&#x433;&#x43E; &#x442;&#x440;&#x435;&#x441;&#x442;&#x430;</subfield>
  </datafield>
  <datafield tag="430" ind1=" " ind2="0">
    <subfield code="1">2001#$a&#x411;&#x44E;&#x43B;&#x43B;&#x435;&#x442;&#x435;&#x43D;&#x44C; &#x43F;&#x435;&#x440;&#x432;&#x43E;&#x433;&#x43E; &#x413;&#x43E;&#x441;&#x443;&#x434;&#x430;&#x440;&#x441;&#x442;&#x432;&#x435;&#x43D;&#x43D;&#x43E;&#x433;&#x43E; &#x445;&#x43B;&#x43E;&#x43F;&#x447;&#x430;&#x442;&#x43E;-&#x431;&#x443;&#x43C;&#x430;&#x436;&#x43D;&#x43E;&#x433;&#x43E; &#x442;&#x440;&#x435;&#x441;&#x442;&#x430; &#x43F;&#x440;&#x438; &#x426;&#x435;&#x43D;&#x442;&#x440;&#x430;&#x43B;&#x44C;&#x43D;&#x43E;&#x439; &#x43B;&#x430;&#x431;&#x43E;&#x440;&#x430;&#x442;&#x43E;&#x440;&#x438;&#x438;</subfield>
    <subfield code="t">&#x411;&#x44E;&#x43B;&#x43B;&#x435;&#x442;&#x435;&#x43D;&#x44C; &#x43F;&#x435;&#x440;&#x432;&#x43E;&#x433;&#x43E; &#x413;&#x43E;&#x441;&#x443;&#x434;&#x430;&#x440;&#x441;&#x442;&#x432;&#x435;&#x43D;&#x43D;&#x43E;&#x433;&#x43E; &#x445;&#x43B;&#x43E;&#x43F;&#x447;&#x430;&#x442;&#x43E;-&#x431;&#x443;&#x43C;&#x430;&#x436;&#x43D;&#x43E;&#x433;&#x43E; &#x442;&#x440;&#x435;&#x441;&#x442;&#x430; &#x43F;&#x440;&#x438; &#x426;&#x435;&#x43D;&#x442;&#x440;&#x430;&#x43B;&#x44C;&#x43D;&#x43E;&#x439; &#x43B;&#x430;&#x431;&#x43E;&#x440;&#x430;&#x442;&#x43E;&#x440;&#x438;&#x438;</subfield>
  </datafield>
  <datafield tag="430" ind1=" " ind2="0">
    <subfield code="1">2001#$a&#x411;&#x44E;&#x43B;&#x43B;&#x435;&#x442;&#x435;&#x43D;&#x44C; &#x421;&#x435;&#x440;&#x43F;&#x443;&#x445;&#x43E;&#x432;&#x441;&#x43A;&#x43E;&#x433;&#x43E; &#x445;&#x43B;&#x43E;&#x43F;&#x447;&#x430;&#x442;&#x43E;&#x431;&#x443;&#x43C;&#x430;&#x436;&#x43D;&#x43E;&#x433;&#x43E; &#x442;&#x440;&#x435;&#x441;&#x442;&#x430; &#x43F;&#x440;&#x438; &#x426;&#x435;&#x43D;&#x442;&#x440;&#x430;&#x43B;&#x44C;&#x43D;&#x43E;&#x439; &#x43B;&#x430;&#x431;&#x43E;&#x440;&#x430;&#x442;&#x43E;&#x440;&#x438;&#x438;</subfield>
    <subfield code="t">&#x411;&#x44E;&#x43B;&#x43B;&#x435;&#x442;&#x435;&#x43D;&#x44C; &#x421;&#x435;&#x440;&#x43F;&#x443;&#x445;&#x43E;&#x432;&#x441;&#x43A;&#x43E;&#x433;&#x43E; &#x445;&#x43B;&#x43E;&#x43F;&#x447;&#x430;&#x442;&#x43E;&#x431;&#x443;&#x43C;&#x430;&#x436;&#x43D;&#x43E;&#x433;&#x43E; &#x442;&#x440;&#x435;&#x441;&#x442;&#x430; &#x43F;&#x440;&#x438; &#x426;&#x435;&#x43D;&#x442;&#x440;&#x430;&#x43B;&#x44C;&#x43D;&#x43E;&#x439; &#x43B;&#x430;&#x431;&#x43E;&#x440;&#x430;&#x442;&#x43E;&#x440;&#x438;&#x438;</subfield>
  </datafield>
  <datafield tag="430" ind1=" " ind2="0">
    <subfield code="1">2001#$a&#x411;&#x44E;&#x43B;&#x43B;&#x435;&#x442;&#x435;&#x43D;&#x44C; &#x426;&#x435;&#x43D;&#x442;&#x440;&#x430;&#x43B;&#x44C;&#x43D;&#x43E;&#x439; &#x43B;&#x430;&#x431;&#x43E;&#x440;&#x430;&#x442;&#x43E;&#x440;&#x438;&#x438; &#x421;&#x435;&#x440;&#x43F;&#x443;&#x445;&#x43E;&#x432;&#x441;&#x43A;&#x43E;&#x433;&#x43E; &#x445;&#x43B;&#x43E;&#x43F;&#x447;&#x430;&#x442;&#x43E;-&#x431;&#x443;&#x43C;&#x430;&#x436;&#x43D;&#x43E;&#x433;&#x43E; &#x442;&#x440;&#x435;&#x441;&#x442;&#x430;</subfield>
    <subfield code="t">&#x411;&#x44E;&#x43B;&#x43B;&#x435;&#x442;&#x435;&#x43D;&#x44C; &#x426;&#x435;&#x43D;&#x442;&#x440;&#x430;&#x43B;&#x44C;&#x43D;&#x43E;&#x439; &#x43B;&#x430;&#x431;&#x43E;&#x440;&#x430;&#x442;&#x43E;&#x440;&#x438;&#x438; &#x421;&#x435;&#x440;&#x43F;&#x443;&#x445;&#x43E;&#x432;&#x441;&#x43A;&#x43E;&#x433;&#x43E; &#x445;&#x43B;&#x43E;&#x43F;&#x447;&#x430;&#x442;&#x43E;-&#x431;&#x443;&#x43C;&#x430;&#x436;&#x43D;&#x43E;&#x433;&#x43E; &#x442;&#x440;&#x435;&#x441;&#x442;&#x430;</subfield>
  </datafield>
  <datafield tag="430" ind1=" " ind2="0">
    <subfield code="1">2001#$a&#x411;&#x44E;&#x43B;&#x43B;&#x435;&#x442;&#x435;&#x43D;&#x44C; &#x421;&#x435;&#x440;&#x43F;&#x443;&#x445;&#x43E;&#x432;&#x441;&#x43A;&#x43E;&#x433;&#x43E; &#x444;&#x438;&#x43B;&#x438;&#x430;&#x43B;&#x430; &#x41D;&#x418;&#x422;&#x418;</subfield>
    <subfield code="t">&#x411;&#x44E;&#x43B;&#x43B;&#x435;&#x442;&#x435;&#x43D;&#x44C; &#x421;&#x435;&#x440;&#x43F;&#x443;&#x445;&#x43E;&#x432;&#x441;&#x43A;&#x43E;&#x433;&#x43E; &#x444;&#x438;&#x43B;&#x438;&#x430;&#x43B;&#x430; &#x41D;&#x418;&#x422;&#x418;</subfield>
  </datafield>
  <datafield tag="710" ind1="0" ind2="2">
    <subfield code="a">&#x426;&#x435;&#x43D;&#x442;&#x440;&#x430;&#x43B;&#x44C;&#x43D;&#x44B;&#x439; &#x43D;&#x430;&#x443;&#x447;&#x43D;&#x43E;-&#x438;&#x441;&#x441;&#x43B;&#x435;&#x434;&#x43E;&#x432;&#x430;&#x442;&#x435;&#x43B;&#x44C;&#x441;&#x43A;&#x438;&#x439; &#x438;&#x43D;&#x441;&#x442;&#x438;&#x442;&#x443;&#x442; &#x442;&#x435;&#x43A;&#x441;&#x442;&#x438;&#x43B;&#x44C;&#x43D;&#x43E;&#x439; &#x43F;&#x440;&#x43E;&#x43C;&#x44B;&#x448;&#x43B;&#x435;&#x43D;&#x43D;&#x43E;&#x441;&#x442;&#x438;</subfield>
    <subfield code="b">&#x421;&#x435;&#x440;&#x43F;&#x443;&#x445;&#x43E;&#x432;&#x441;&#x43A;&#x438;&#x439; &#x444;&#x438;&#x43B;&#x438;&#x430;&#x43B;</subfield>
    <subfield code="c">&#x41C;&#x43E;&#x441;&#x43A;&#x432;&#x430;</subfield>
    <subfield code="4">070</subfield>
  </datafield>
  <datafield tag="801" ind1=" " ind2="1">
    <subfield code="a">RU</subfield>
    <subfield code="b">InfoComm</subfield>
    <subfield code="c">20050121</subfield>
  </datafield>
  <datafield tag="801" ind1=" " ind2="0">
    <subfield code="a">RU</subfield>
    <subfield code="b">NLR</subfield>
    <subfield code="g">PSBO</subfield>
  </datafield>
  <datafield tag="852" ind1=" " ind2=" ">
    <subfield code="a">NLR</subfield>
    <subfield code="j">&#x41F;11/390</subfield>
  </datafield>
  <datafield tag="942" ind1=" " ind2=" ">
    <subfield code="c">JOURNAL</subfield>
  </datafield>
  <datafield tag="980" ind1=" " ind2=" ">
    <subfield code="a">RUSPER</subfield>
  </datafield>
</record>
